000 00505nam a2200181 a 4500
005 20140310183432.0
008 080109s19uu xx 00 eng d
020 _a8178802554
050 _aQC 981.8
_b.T977 2006
100 _aTyagi, Avinash
245 _aClimate change and global warming. /
_cAvinash Tyagi
260 _aNew Delhi :
_bRajat Publications,
_c2006.
300 _a273 p. :
_c21 cm.
650 _aClimate change.
650 _aGlobal warming.
942 _cBK
_2lcc
_kFOR
999 _c22759
_d22759